[Event "RSA-ch U10 Girls"]
[Site "Waterkloof"]
[Date "2015.04.07"]
[Round "6"]
[White "Dheda, Bianca"]
[Black "Chetty, Mayuri"]
[Result "0-1"]
[WhiteElo "837"]
[BlackElo "798"]
[PlyCount "74"]
[EventDate "2015.04.04"]
[EventType "swiss"]
[EventRounds "9"]
[EventCountry "RSA"]
[SourceTitle "CBM 166 Extra"]
[Source "ChessBase"]
[SourceDate "2015.06.18"]
[SourceVersion "1"]
[SourceVersionDate "2015.06.18"]
[SourceQuality "1"]

1. e4 e5 2. Nf3 Nc6 3. Bc4 Bc5 4. c3 Nf6 5. d4 d6 6. dxc5 dxc5 7. Qxd8+ Kxd8 8. 0-0 Nxe4 9. Bxf7 Rf8 10. Bd5 Nd6 11. Bg5+ Ne7 12. Re1 h6 13. Bxe7+ Kxe7 14. Rxe5+ Kd8 15. Be6 a5 16. Bxc8 Rxc8 17. Nbd2 Nf7 18. Rxc5 b6 19. Rd5+ Nd6 20. h3 Kd7 21. Ne5+ Ke6 22. Rd4 Kxe5 23. Re1+ Kf6 24. Re3 Nf5 25. Rf4 Kg5 26. Ref3 g6 27. Ne4+ Kh5 28. g4+ Kh4 29. gxf5+ Kh5 30. fxg6 Rxf4 31. Rxf4 Kxg6 32. Rf6+ Kg7 33. Rf3 Re8 34. Nf6 Re1+ 35. Kg2 Re2 36. Nh5+ Kh7 37. Kg3 Rxb2 0-1

[Event "RSA-ch U10 Girls"]
[Site "Waterkloof"]
[Date "2015.04.06"]
[Round "4"]
[White "Van Niekerk, Natasha Isabel"]
[Black "Chetty, Mayuri"]
[Result "1-0"]
[WhiteElo "1053"]
[BlackElo "798"]
[PlyCount "101"]
[EventDate "2015.04.04"]
[EventType "swiss"]
[EventRounds "9"]
[EventCountry "RSA"]
[SourceTitle "CBM 166 Extra"]
[Source "ChessBase"]
[SourceDate "2015.06.18"]
[SourceVersion "1"]
[SourceVersionDate "2015.06.18"]
[SourceQuality "1"]

1. d4 d5 2. c4 e6 3. Nc3 Nf6 4. Nf3 c6 5. cxd5 exd5 6. Bg5 Be7 7. e3 0-0 8. Bd3 Bg4 9. 0-0 Qd7 10. h3 Bxh3 11. gxh3 Qxh3 12. Bf4 Ng4 13. Bf5 Bh4 14. Nxh4 Qxh4 15. Qxg4 Qxg4+ 16. Bxg4 a5 17. Kg2 b5 18. a3 Na6 19. Rh1 b4 20. axb4 axb4 21. Ne2 Rfe8 22. Bf5 g6 23. Bd7 Red8 24. Bxc6 Ra7 25. Bb5 Rda8 26. Be5 f6 27. Bxf6 Nc7 28. Rxa7 Rxa7 29. Bd7 Na8 30. Be6+ Kf8 31. Nf4 Ra6 32. Nxg6+ Ke8 33. Nf4 Nc7 34. Rxh7 Nxe6 35. Re7+ Kf8 36. Nxe6+ Rxe6 37. Rxe6 Kf7 38. Rb6 b3 39. Bh4 Kg7 40. Rxb3 Kh6 41. Rb5 Kh5 42. Kg3 Kh6 43. Rxd5 Kg6 44. b4 Kf7 45. Rd6 Ke8 46. b5 Kf7 47. b6 Ke8 48. b7 Kf8 49. Rd7 Ke8 50. Rh7 Kf8 51. b8Q# 1-0